| 000 | 01244nam a2200301 i 4500 | ||
|---|---|---|---|
| 001 | bg | ||
| 003 | BPK | ||
| 005 | 20191206111732.0 | ||
| 008 | 020718s1977 pl a f |000 0 pol | ||
| 015 | _aPB 1978/8853 | ||
| 040 |
_aWA N _cBPK |
||
| 080 | _a621.8 | ||
| 080 | _a621.9 | ||
| 100 | 1 |
_aKacalak, Wojciech _d(1945- ) _eAutor |
|
| 245 | 1 | 0 |
_aTeoretyczne i doświadczalne podstawy szlifowania powierzchni śrubowych ściernicami krążkowymi / _cWojciech Kacalak. |
| 260 |
_aKoszalin : _bWSI, _c1977. |
||
| 300 |
_a251, [1] s. : _bil., tab., wykr. ; _c24 cm. |
||
| 490 | 1 |
_aMonografie / Wyższa Szkoła Inżynierska w Koszalinie ; _v1/5. |
|
| 504 | _aBibliogr. | ||
| 546 | _aStreszcz. ang., niem., ros. | ||
| 650 | 4 |
_aŚruby _xtechnologia. |
|
| 650 | 4 | _aSzlifowanie | |
| 710 | 2 |
_aWydawnictwo Uczelniane (Wyższa Szkoła Inżynierska ; Koszalin) _bWydawnictwo Uczelniane. _4pbl. |
|
| 830 | 0 |
_aMonografie - Wyższa Szkoła Inżynierska, Koszalin ; _v1/5. |
|
| 856 |
_uhttp://dlibra.tu.koszalin.pl/dlibra/docmetadata?id=287&from=&dirids=1&ver_id=&lp=1&QI= _yBiblioteka Cyfrowa |
||
| 942 |
_2UKD _cKS |
||
| 856 |
_uhttp://koha.tu.koszalin.pl/cgi-bin/koha/opac-detail.pl?biblionumber=681 _yKatalog online BPK |
||
| 999 |
_c681 _d681 |
||